000 00603nam a2200205 a 4500
001 000009969
005 20240412074214.0
008 091002s1970 dr a 000 p spa d
040 _aDO-SdBNP
_bspa
_cBNPHU
082 _aRD861.44
_bC348i
100 1 _aCastellanos, Colombina De
_924915
245 1 0 _aInquietud prenatal /
_cColombina de Castellanos.
260 _aSanto Domingo :
_bMédico Dominicano,
_c1970.
300 _a108 p. :
_bil. ;
_c16 cm.
490 1 _aLa cámara
650 0 _aPoesía dominicana
_966
650 0 _aLiteratura dominicana.
_967
830 0 _aLa cámara
_924916
049 _aBNPD
999 _c9728
_d9728